000 00816nam a2200253Ia 4500
003 OSt
005 20220925233442.0
006 a|||||r|||| 00| 0
007 ta
008 220923b |||||||| |||| 00| 0 eng d
037 _cGeneral Book
040 _aRTL
_cRTL
_beng
041 _2eng
_aeng
082 _aX9(M4).271.N6t4, K4
110 _aIndia, Government of ..... All India Handicrafts (Board)
_9298900
245 0 _aHandicrafts of Rajnagan
_b Madhya Pradesh
260 _a New Delhi
_bAll India Handicrafts India
_c1964
300 _a22p.
_ccm.
490 _aIts survey report ,61
650 _aSmithy Industry
_9267367
700 _aIndia, Government of ..... All India Handicrafts (Board)
_9298901
942 _hX9(M4).271.N6t4, K4
_cGB
_2CC
999 _c593730
_d593730